<?xml version="1.0" encoding="UTF-8"?><?xml-stylesheet type="text/xsl" href="static/style.xsl"?><OAI-PMH xmlns="http://www.openarchives.org/OAI/2.0/" xmlns:xsi="http://www.w3.org/2001/XMLSchema-instance" xsi:schemaLocation="http://www.openarchives.org/OAI/2.0/ http://www.openarchives.org/OAI/2.0/OAI-PMH.xsd"><responseDate>2026-06-01T23:39:23Z</responseDate><request verb="GetRecord" identifier="oai:riuma.uma.es:10630/44995" metadataPrefix="marc">https://riuma.uma.es/rest/oai/request</request><GetRecord><record><header><identifier>oai:riuma.uma.es:10630/44995</identifier><datestamp>2026-01-29T00:45:52Z</datestamp><setSpec>com_10630_2254</setSpec><setSpec>col_10630_37956</setSpec></header><metadata><record xmlns="http://www.loc.gov/MARC21/slim" xmlns:dcterms="http://purl.org/dc/terms/" xmlns:doc="http://www.lyncode.com/xoai" xmlns:xsi="http://www.w3.org/2001/XMLSchema-instance" xsi:schemaLocation="http://www.loc.gov/MARC21/slim http://www.loc.gov/standards/marcxml/schema/MARC21slim.xsd">
   <leader>00925njm 22002777a 4500</leader>
   <datafield ind2=" " ind1=" " tag="042">
      <subfield code="a">dc</subfield>
   </datafield>
   <datafield ind2=" " ind1=" " tag="720">
      <subfield code="a">Barranquero-Texeira, Encarnación</subfield>
      <subfield code="e">author</subfield>
   </datafield>
   <datafield ind2=" " ind1=" " tag="260">
      <subfield code="c">2023</subfield>
   </datafield>
   <datafield ind2=" " ind1=" " tag="520">
      <subfield code="a">El capítulo “Mujeres en la represión franquista: el parentesco como castigo”. En María Dolores Ramos Palomo, Encarnación Barranquero Texeira y Víctor J. Ortega Muñoz (eds.), Madrid, Dykinson SL, 2023, es parte de una investigación general sobre la represión “de género” durante la guerra y la posguerra en España. Los castigos específicos se han centrado en el fenómeno del rapado y la violencia sexual pero en este trabajo, a partir de documentación militar (los Procedimientos Sumarísimos de Urgencia donde se incluyen los Consejos de Guerra). Analizamos 320 procedimientos y analizamos cómo el parentesco es una causa de castigo que supera el 80% de los casos. Se estudian los perfiles familiares, los prototipos de acusaciones y enfocamos procedimientos colectivos a personas relacionadas con un responsable político republicano, un guerrillero o un huido; la ejemplaridad de los castigos es abordada en otro epígrafe. Las mujeres castigadas, en su mayoría no tienen responsabilidad política, son de una edad media y elevada y sufren condenas breves (en comparación con personas militantes y sindicalistas) que iban desde varios meses a algunos años y con especial incidencia sobre familias de huidos o autoridades de la época republicana. La exhaustividad de las cuantificaciones revela una investigación original y de referencia. El libro, que compara la violencia ejercida en España y Portugal le otorga un contexto amplio y ha originado seis reseñas por parte de especialistas en estudios de género como Elena Pérez González en Espacio, tiempo y forma. Serie V, Historia contemporánea, 36, 2024, págs. 327-330; Sergio Blanco Fajardo, Pasado y memoria: Revista de historia contemporánea, 31, 2025, págs. 302-306; Beatriz Fernández De Castro, Historia contemporánea, ISSN 1130-2402, 77, 2025, págs. 378-380; Beatriz Fernández de Castro, Analise Social 59 (4-253), 2-5, 2024 Es una revista portuguesa; Sofía Rodríguez López Asparkia: Investigació feminista, 48, 2026 y Matteo Tomasoni, Memoria y civilización. Anuario de Historia, 28-1 (2025), pp. 461-463. En este libro soy editora y autora del capítulo aquí reseñado, que forma parte del Seminario Internacional Política, Género y Cultura en el Mundo Actual celebrado en marzo-abril de 2023 en la Facultad de Filosofía y Letras de la Universidad de Málaga.</subfield>
   </datafield>
   <datafield ind1="8" ind2=" " tag="024">
      <subfield code="a">Barranquero Texeira, Encarnación: "Mujeres en la represión franquista: el parentesco como castigo". En María Dolores Ramos Palomo, Encarnación Barranquero Texeira y Víctor J. Ortega Muñoz (Eds.), Control social, represión y otras violencias sobre las mujeres en las dictaduras ibéricas (1933-1975), Madrid, Dykinson SL, 2023.Madrid, Síntesis, 2021, pp. 259-284.</subfield>
   </datafield>
   <datafield ind1="8" ind2=" " tag="024">
      <subfield code="a">978-84-1170-817-3</subfield>
   </datafield>
   <datafield ind1="8" ind2=" " tag="024">
      <subfield code="a">https://hdl.handle.net/10630/44995</subfield>
   </datafield>
   <datafield ind1="8" ind2=" " tag="024">
      <subfield code="a">10.14679/3225</subfield>
   </datafield>
   <datafield tag="653" ind2=" " ind1=" ">
      <subfield code="a">Mujeres - Historia</subfield>
   </datafield>
   <datafield tag="653" ind2=" " ind1=" ">
      <subfield code="a">Mujeres - España - Situación social</subfield>
   </datafield>
   <datafield ind2="0" ind1="0" tag="245">
      <subfield code="a">Mujeres en la represión franquista: el parentesco como castigo</subfield>
   </datafield>
</record>
</metadata></record></GetRecord></OAI-PMH>